| 000 | 01240nam a2200289 a 4500 | ||
|---|---|---|---|
| 001 | 853135 | ||
| 008 | 130509s1978 ||||||||||||||||| || u | ||
| 010 | _a78309875 | ||
| 020 | _a9061930839 | ||
| 050 | _aQH 84 Bio | ||
| 100 | _aWerger, M. J. A | ||
| 245 | 1 | 0 |
_aBiogeography and ecology of Southern Africa _cedited by M. J. A. Werger, with the assistance of A. C. van Bruggen for the zoological chapters. |
| 260 |
_aThe Hague: _bDr. W. Junk bv Publishers _c1978 |
||
| 300 | _a2 v. (xv, 1439 p.) : ill. | ||
| 362 | 1 | _a<p>CBU Library has volume 2 (pp. 661-1439) only.</p> | |
| 490 | _aMonographiae biologicae | ||
| 490 | _vv. 31 | ||
| 500 | _aBibliography. | ||
| 650 | 0 | _aNatural history - Africa, Southern | |
| 650 | 0 | _aBIOGEOGRAPHY--AFRICA, SOUTHERN | |
| 650 | 0 | _aBOTANY--AFRICA,SOUTHERN | |
| 650 | 0 | _aZOOLOGY--AFRICA, SOUTHERN | |
| 650 | 0 | _aECOLOGY--AFRICA,SOUTHERN | |
| 700 | _aBruggen, Adolf Cornelis van | ||
| 995 |
_aANNEX COLLECTION (Main Library) _e743799 _FCBU-MAIN LIBRARY (Kitwe) _jQH 84 Bio _M1 _UAVAILABLE _WMay 10, 2013 _y743799 _ZAnnex Low-Usage Collection |
||
| 995 |
_aANNEX COLLECTION (Main Library) _e743800 _FCBU-MAIN LIBRARY (Kitwe) _jQH 84 Bio _M2 _UAVAILABLE _WMay 10, 2013 _y743800 _ZAnnex Low-Usage Collection |
||
| 999 |
_c84645 _d84645 |
||